|
|
|
|
| LEADER |
01110nam a2200289 a 4500 |
| 001 |
AAL3975 |
| 003 |
BD-DhAAL |
| 005 |
20160210165801.0 |
| 008 |
150209s1993 nyua b 001 0 eng |
| 010 |
|
|
|a 92016358
|
| 020 |
|
|
|a 0070442924 :
|c $35.16
|
| 040 |
|
|
|a DLC
|c DLC
|d DLC
|d BD-DhAAL
|
| 050 |
0 |
0 |
|a HM251
|b .M897 1993
|
| 082 |
0 |
0 |
|a 302
|2 20
|
| 999 |
|
|
|c 33624
|d 33624
|
| 999 |
|
|
|c 33624
|
| 100 |
1 |
|
|a Myers, David G.
|9 8131
|
| 245 |
1 |
0 |
|a Social psychology /
|c David G. Myers.
|
| 250 |
|
|
|a 4th ed.
|
| 260 |
|
|
|a New York :
|b McGraw-Hill,
|c c1993.
|
| 300 |
|
|
|a xx, 682 p. :
|b ill. (some col.) ;
|c 27 cm.
|
| 504 |
|
|
|a Includes bibliographical references (p. 587-652) and indexes.
|
| 541 |
|
|
|e 3975
|
| 650 |
|
0 |
|a Social psychology.
|9 5693
|
| 942 |
|
|
|2 ddc
|c BK
|
| 952 |
|
|
|0 0
|1 0
|2 ddc
|4 0
|6 302_000000000000000_MYE
|7 0
|9 52516
|a SCL
|b SCL
|c GEN
|d 2015-02-09
|e Gift: The Asia Foundation
|l 0
|o 302 MYE
|p 3020003975
|r 2015-02-09
|t 1
|w 2015-02-09
|y BK
|
| 952 |
|
|
|0 0
|1 0
|2 ddc
|4 0
|6 302_000000000000000_MYE
|7 0
|9 52638
|a SCL
|b SCL
|c GEN
|d 2015-02-15
|e Gift: The Asia Foundation
|l 1
|m 1
|o 302 MYE
|p 3020005552
|r 2022-04-16
|s 2022-04-02
|t 2
|w 2015-02-15
|y BK
|